000 00453cam a22001694a 4500
005 20250605164147.0
008 250528s ||||||||||||||||||||||||d
035 _a19227
040 _aGR-AtMCL
_bgre
_dGR-AtMCL
_eAACR2
245 1 _aBotero / Πινακόθηκη Διασημών Ζωγραφών
260 _bΑλκυών,
_c1996
300 _a114
700 1 _aΣχινά Αθηνά
_95464
942 _cBK
999 _c4493
_d4493